000 00510nam a2200181Ia 4500
999 _c29501
_d29501
003 OSt
005 20201120120818.0
008 190216s9999||||xx |||||||||||||| ||und||
020 _a9788171748044
040 _coclc
082 _a894.8123
_bALU/M
100 _aAlunkal, John
_96810
245 0 _aMarichittum Marikkathaval /
_cJohn Alunkal
260 _bC I C C Book House,
_aKochi:
_c2008.
300 _a134p
650 _aNovel
942 _cBK
_2ddc
_h894.8123
_iALU/M
_k894.8123
_mALU/M